Two Word Disney Movies - Statistics

General Stats
  • This quiz has been taken 114 times
  • The average score is 7 of 15
Answer Stats
Hint Answer % Correct
1959 Sleeping Beauty
70%
1995 Toy Story
67%
2003 Finding Nemo
53%
1973 Robin Hood
52%
2001 Monsters Inc
47%
1977 The Rescuers
45%
1970 The Aristocats
44%
2004 The Incredibles
44%
2016 Finding Dory
43%
2003 Peter Pan
42%
2015 Inside Out
41%
2013 Monsters University
35%
2003 Brother Bear
33%
2005 Chicken Little
26%
2002 Treasure Planet
23%
No matching quizzes found
Score Distribution
Percent of People with Each Score
Percentile by Number Answered
Your Score History
You have not taken this quiz